000 00546nam a2200181Ia 4500
008 151018s9999 xx 000 0 und d
082 _bRBASDV7185
_a891.463
100 _aदा पां रानडे
245 _aमाया बाजार
250 _b1
260 _bद र कोपर्डेकर
_c1944
300 _a21
600 _aदा पां रानडे
630 _aमाया बाजार
700 _aदा पां रानडे
730 _aमाया बाजार
942 _cBOOK
999 _c1009554
_d1009551